000
00297nam a2200109Ia 4500
008
200302s9999 xx 000 0 und d
100
_a
Neville Tuli
245
_a
The Flamed Mosaic Indian Contemporary Painting
260
_b
Mapin Publeshing Publishing Pvt. Ltd.
260
_c
1977
300
_a
478 P.,
999
_c
1590
_d
1590